| 000 | 00480nam a22001817a 4500 | ||
|---|---|---|---|
| 999 |
_c6936 _d6934 |
||
| 005 | 20210904120305.0 | ||
| 008 | 200608b xxu||||| |||| 00| 0 eng d | ||
| 020 | _a9789388822855 | ||
| 041 | _aeng | ||
| 082 | _a345.730 5 | ||
| 100 |
_aPILLAI , DR . K.N. CHANDRASEKHARAN AND KELKAR'S , R.V. _95874 |
||
| 245 | _aCRIMINAL PROCEDURE | ||
| 250 | _a6TH, ED.,2019 | ||
| 260 |
_aLUCKNOW _bE.B.C PUBLISHING PVT, LTD |
||
| 300 | _a940;p cxxvii; | ||
| 650 |
_aLAW _95701 |
||
| 942 | _cBK | ||